000 00392pab a2200145 454500
008 180718b1998 xxu||||| |||| 00| 0 eng d
100 _aAlie, Raymond E. et al.
245 _aThe use of teams in an undergraduate management program
260 _c1998
300 _ap.707-19
362 _aDec
650 _aManagement education
773 _aJournal of Management Education
909 _a39938
999 _c39938
_d39938